000 01265cam a2200349 a 4500
001 15082286
003 OSt
005 20140310182901.0
008 071115s2008 enka b 001 0 eng
010 _a 2007046519
020 _a9780273651000
035 _a(OCoLC)ocn181517054
035 _a(OCoLC)181517054
040 _aDLC
_cDLC
_dBAKER
_dYDXCP
_dBWKUK
_dBWK
_dBWX
_dDLC
050 _aHD 30.28
_b.C867 2008
100 _aCousins, Paul
245 0 0 _aStrategic supply management :
_bprinciples, theories and practice /
_cPaul Cousins ... [et al.].
260 _aHarlow, England ;
_aNew York :
_bPrentice Hall/Financial Times,
_c2008.
300 _a308 p. :
_bill. ;
_c24 cm.
504 _aIncludes bibliographical references and index.
521 _aBSBA
650 0 _aStrategic planning.
650 0 _aBusiness logistics.
650 0 _aMaterials management.
650 0 _aIndustrial procurement
_xManagement.
700 1 _aCousins, Paul.
856 4 1 _3Table of contents only
_uhttp://www.loc.gov/catdir/toc/ecip084/2007046519.html
906 _a7
_bcbc
_corignew
_d1
_eecip
_f20
_gy-gencatlg
942 _2lcc
_cBK
_kFOR
999 _c17097
_d17097